3000 solved problems in chemistry / (Record no. 1417)

MARC details
000 -LEADER
fixed length control field 01015nac a22003011i 4500
003 - CONTROL NUMBER IDENTIFIER
control field EG-ScBUE
005 - DATE AND TIME OF LATEST TRANSACTION
control field 20250707085730.0
008 - FIXED-LENGTH DATA ELEMENTS--GENERAL INFORMATION
fixed length control field 250702s1997 nyua f 001 0 eng d
020 ## - INTERNATIONAL STANDARD BOOK NUMBER
International Standard Book Number 0071144048
020 ## - INTERNATIONAL STANDARD BOOK NUMBER
International Standard Book Number 9780071144049
040 ## - CATALOGING SOURCE
Original cataloging agency EG-ScBUE
Language of cataloging eng
Description conventions rda
Transcribing agency EG-ScBUE
Modifying agency EG-ScBUE
082 04 - DEWEY DECIMAL CLASSIFICATION NUMBER
Classification number 540.76
Item number GOL
Edition number 22
100 1# - MAIN ENTRY--PERSONAL NAME
Personal name Goldberg, David E.
Fuller form of name (David Elliott),
Dates associated with a name 1932-
Relator term author.
245 10 - TITLE STATEMENT
Title 3000 solved problems in chemistry /
Statement of responsibility, etc by David E. Goldberg, Ph.D., Brooklyn College.
246 3# - VARYING FORM OF TITLE
Title proper/short title Three thousand solved problems in chemistry
246 30 - VARYING FORM OF TITLE
Title proper/short title Chemistry
250 ## - EDITION STATEMENT
Edition statement International edition.
264 #1 - PUBLICATION, DISTRIBUTION, ETC. (IMPRINT)
Place of publication, distribution, etc New York :
Name of publisher, distributor, etc McGraw-Hill, INC.,
Date of publication, distribution, etc 1997
300 ## - PHYSICAL DESCRIPTION
Extent v, 613 pages :
Other physical details illustrations ;
Dimensions 28 cm.
336 ## - CONTENT TYPE
Source rdacontent
Content type term text
Content type code txt
337 ## - MEDIA TYPE
Media type term unmediated
Source rdamedia
Media type code n
338 ## - CARRIER TYPE
Carrier type term volume
Carrier type code nc
Source rdacarrier
490 0# - SERIES STATEMENT
Series statement Schaum's solved problems series
500 ## - GENERAL NOTE
General note Includes index.
650 #7 - SUBJECT ADDED ENTRY--TOPICAL TERM
Topical term or geographic name as entry element Chemistry
General subdivision Problems, exercises, etc.
Source of heading or term BUEsh
655 ## - INDEX TERM--GENRE/FORM
Form subdivision Reading book
942 ## - ADDED ENTRY ELEMENTS (KOHA)
Koha item type Book - Borrowing
Source of classification or shelving scheme Dewey Decimal Classification
Holdings
Withdrawn status Lost status Source of classification or shelving scheme Damaged status Not for loan Collection code Home library Current library Shelving location Date acquired Source of acquisition Total Checkouts Full call number Barcode Date last seen Date checked out Koha item type
    Dewey Decimal Classification     Baccah Central Library Central Library First floor 06/09/2010 Purchase 4 540.76 GOL 000003030 15/07/2025 07/11/2010 Book - Borrowing